Học tiếng Anh bằng thành ngữ
Nội dung cuốn sách là tập hợp những câu thành ngữ thông dụng trong tiếng Anh có phần diễn giải về nghĩa. Một số thành ngữ có xuất xứ trích dẫn hoặc địa phương, đất nước thường sử dụng. Giúp các bạn nâng cao kỹ năng tiếng Anh....
Enregistré dans:
| Auteur principal: | |
|---|---|
| Format: | Livre |
| Langue: | Undetermined |
| Publié: |
Thành phố Hồ chí Minh
Thanh Niên
2000
|
| Sujets: | |
| Tags: |
Ajouter un tag
Pas de tags, Soyez le premier à ajouter un tag!
|
| Thư viện lưu trữ: | Trung tâm Học liệu Trường Đại học Cần Thơ |
|---|
| LEADER | 00961nam a2200205Ia 4500 | ||
|---|---|---|---|
| 001 | CTU_57180 | ||
| 008 | 210402s9999 xx 000 0 und d | ||
| 020 | |b 25000 | ||
| 082 | |a 428.24 | ||
| 082 | |b Đ305 | ||
| 100 | |a Trần, Văn Điền | ||
| 245 | 0 | |a Học tiếng Anh bằng thành ngữ | |
| 245 | 0 | |c Trần Văn Điền | |
| 260 | |a Thành phố Hồ chí Minh | ||
| 260 | |b Thanh Niên | ||
| 260 | |c 2000 | ||
| 520 | |a Nội dung cuốn sách là tập hợp những câu thành ngữ thông dụng trong tiếng Anh có phần diễn giải về nghĩa. Một số thành ngữ có xuất xứ trích dẫn hoặc địa phương, đất nước thường sử dụng. Giúp các bạn nâng cao kỹ năng tiếng Anh. | ||
| 650 | |a English language | ||
| 904 | |i Ánh Vân (Bé Ba), Bạch Trúc | ||
| 980 | |a Trung tâm Học liệu Trường Đại học Cần Thơ | ||